| 000 | 00421nam a2200145 4500 | ||
|---|---|---|---|
| 008 | 151208b xxu||||| |||| 00| 0 eng d | ||
| 020 | _a9780374500016 | ||
| 050 | _aD 810.J4W54 2006 | ||
| 100 |
_aWiesel, Elie. _d2006 |
||
| 245 |
_aNight. _cElie Wiesel |
||
| 260 |
_aNew York; _bHill and Wang, _c2006. |
||
| 300 | _axxi, 120 p. : | ||
| 650 | _aEnglish Fiction. | ||
| 942 |
_2lcc _cBOOKS _hD 810.J4W54 2006 |
||
| 999 |
_c10686 _d10686 |
||